International Organizations in Promoting Academic Integrity in a Globalized World: Ukrainian View
Salvato in:
| Autore principale: | |
|---|---|
| Altri autori: | |
| Natura: | Capitolo di libro |
| Lingua: | inglese |
| Soggetti: | |
| Tags: |
Nessun Tag, puoi essere il primo ad aggiungerne!!
|
MARC
| LEADER | 00000naa a2200000 4500 | ||
|---|---|---|---|
| 001 | 0314658 | ||
| 005 | 20260130140415.9 | ||
| 041 | 0 | |a eng | |
| 044 | |a UA | ||
| 245 | 1 | 0 | |a International Organizations in Promoting Academic Integrity in a Globalized World: Ukrainian View |c Artem Artiukhov, Dmytro Chumachenko |
| 610 | 2 | 0 | |a udržateľnosť |
| 610 | 2 | 0 | |a účtovníctvo |
| 610 | 2 | 0 | |a dáta |
| 610 | 2 | 0 | |a kontroling |
| 610 | 2 | 0 | |a analýza bibliometrická |
| 100 | 1 | |a Artiukhov, Artem, 1983- | |
| 700 | 1 | |a Chumachenko, Dmytro | |